Science Quiz

Random Science or Minefield Quiz

Secret Science Laboratory Quiz Stats

 Plays Quiz Updated Jan 9, 2015

Score 0/15 Timer 06:00
28 Plays Today
Question Answer % Correct
????
100%
????
93.6%
????
89.9%
????
78.1%
????
75.3%
????
67.8%
????
66%
????
59.2%
Question Answer % Correct
????
48%
????
44.6%
????
31%
????
24.1%
????
20.2%
????
11.3%
????
3.9%

You're not logged in!

Compare scores with friends on all Sporcle quizzes.
OR
Log In

You Might Also Like...

Show Comments

Extras

Top Quizzes Today


Score Distribution

Your Account Isn't Verified!

In order to create a playlist on Sporcle, you need to verify the email address you used during registration. Go to your Sporcle Settings to finish the process.

Report this User

Report this user for behavior that violates our Community Guidelines.

Details: